[Event "AUTO-INT-1299"]
[Site "http://www.queenalice.com/game.php?id=584832"]
[Date "2009.5.7"]
[Round "1"]
[White "Tropalov"]
[Black "donnybaby"]
[Result "1-0"]
[WhiteElo "1598"]
[BlackElo "1814"]

1. d4 e6 2. e4 c6 3. c4 Bb4+ 4. Nc3 Bxc3+ 5. bxc3 d6 6. Bd3 Nd7 7. f4 c5 8. Nf3
Ne7 9. O-O cxd4 10. cxd4 h6 11. Ba3 Nf8 12. Qa4+ Bd7 13. Qb3 b6 14. f5 exf5 15.
Bxd6 Nfg6 16. exf5 Nxf5 17. Rae1+ Be6 18. Rxe6+ fxe6 19. c5 Nxd6 20. Qxe6+ Qe7
21. Qxg6+ Kd8 22. Ne5 Kc7 23. cxd6+ Qxd6 24. Rf7+ 1-0

[Event "AUTO-INT-1299"]
[Site "http://www.queenalice.com/game.php?id=584837"]
[Date "2009.5.7"]
[Round "1"]
[White "robinud"]
[Black "Tropalov"]
[Result "0-1"]
[WhiteElo "1776"]
[BlackElo "1742"]

1. e4 e6 2. d4 d5 3. Bd3 c5 4. Bb5+ Nc6 5. exd5 Qxd5 6. Nf3 cxd4 7. Bxc6+ bxc6
8. O-O Ba6 9. Re1 Rd8 10. Re5 Qd7 11. Re4 c5 12. Ne5 Qb7 13. Qf3 Nf6 14. Bg5
Qxe4 15. Qxe4 Nxe4 16. Bxd8 Bd6 17. Nc6 Kd7 18. Nb8+ Bxb8 19. Ba5 Bc7 20. Bxc7
Kxc7 21. Na3 Rb8 22. b3 Kd6 23. f3 Nc3 24. Kf2 e5 25. Nb1 Nxb1 26. Rxb1 f5 27.
Rd1 Kd5 28. c4+ Kd6 29. g3 Bb7 30. h4 e4 31. fxe4 fxe4 32. g4 Rf8+ 33. Kg3 Rf3+
34. Kg2 e3 35. Re1 Rf2+ 36. Kg1 Ke5 37. Rf1 Rxf1+ 38. Kxf1 d3 0-1

[Event "AUTO-INT-1299"]
[Site "http://www.queenalice.com/game.php?id=584838"]
[Date "2009.5.7"]
[Round "1"]
[White "Tropalov"]
[Black "robinud"]
[Result "1-0"]
[WhiteElo "1662"]
[BlackElo "1711"]

1. d4 d5 2. c4 Nf6 3. Nc3 e6 4. cxd5 Bb4 5. dxe6 Bxc3+ 6. bxc3 Bxe6 7. Nf3 b5 8.
e3 O-O 9. Bxb5 a6 10. Bd3 h6 11. O-O Nc6 12. e4 Bg4 13. h3 Bxf3 14. Qxf3 Ra7 15.
e5 Qd5 16. exf6 Qxf3 17. gxf3 a5 18. fxg7 Kxg7 19. Ba3 Rg8 20. Kh2 Kf6 21. Rg1
Rxg1 22. Rxg1 a4 23. Rb1 Ke6 24. Bc5 Ra8 25. Be4 Ra6 26. d5+ Ke5 27. dxc6 f5 28.
Bd3 Rxc6 29. Bd4+ Kf4 30. Rb5 h5 31. Rxf5# 1-0

[Event "AUTO-OPEN-1404"]
[Site "http://www.queenalice.com/game.php?id=600851"]
[Date "2009.6.9"]
[Round "2"]
[White "Pagano"]
[Black "Tropalov"]
[Result "1-0"]
[WhiteElo "2105"]
[BlackElo "1673"]

1. f4 d5 2. Nf3 Nf6 3. b3 g6 4. Bb2 Bg7 5. e3 O-O 6. Be2 Bf5 7. O-O Nc6 8. a3
Qd7 9. h3 Rfd8 10. d3 Nh5 11. Bxg7 Kxg7 12. Ng5 Ng3 13. Rf2 f6 14. Nf3 e5 15.
Kh2 Nxe2 16. Rxe2 exf4 17. exf4 Qd6 18. g3 Re8 19. Qe1 Bd7 20. Nc3 Qc5 21. b4
Rxe2+ 22. Nxe2 Qxc2 23. Rc1 Qxd3 24. Rc3 Qe4 25. b5 Re8 26. bxc6 Qxe2+ 27. Qxe2
Rxe2+ 28. Kg1 bxc6 29. Nd4 1-0

[Event "AUTO-OPEN-1404"]
[Site "http://www.queenalice.com/game.php?id=600852"]
[Date "2009.6.9"]
[Round "2"]
[White "Tropalov"]
[Black "Pagano"]
[Result "0-1"]
[WhiteElo "1675"]
[BlackElo "2104"]

1. d4 d5 2. c4 c6 3. Nc3 Nf6 4. Nf3 dxc4 5. e3 b5 6. a4 b4 7. Na2 a5 8. Bxc4 e6
9. Qe2 Ba6 10. Bxa6 Nxa6 11. e4 Be7 12. O-O O-O 13. Bg5 h6 14. Bxf6 Bxf6 15. Nc1
Bxd4 16. Rd1 c5 17. Nb3 Qb6 18. Nfxd4 cxd4 19. Qb5 Qxb5 20. axb5 Nc7 21. b6 Nb5
22. b7 Ra7 23. Rxa5 Rxb7 24. Nc5 Rc7 25. Rxb5 Rfc8 26. Nd3 Rc2 27. Rxb4 Re2 0-1

[Event "AUTO-OPEN-1412"]
[Site "http://www.queenalice.com/game.php?id=609411"]
[Date "2009.6.26"]
[Round "2"]
[White "Tropalov"]
[Black "art"]
[Result "0-1"]
[WhiteElo "1695"]
[BlackElo "2449"]

1. d4 Nf6 2. c4 e6 3. Nc3 Bb4 4. Qc2 O-O 5. a3 Bxc3+ 6. Qxc3 h6 7. Nf3 b6 8. g3
Bb7 9. Bg2 Nc6 10. Ne5 Na5 11. Bxb7 Nxb7 12. O-O c5 13. b4 Rc8 14. dxc5 bxc5 15.
Rd1 d5 16. Qf3 Ne4 17. Bb2 Qd6 18. Rac1 cxb4 19. axb4 Ng5 20. Qa3 f6 21. c5 Qc7
22. Ng6 Rfe8 0-1

[Event "AUTO-OPEN-1412"]
[Site "http://www.queenalice.com/game.php?id=609412"]
[Date "2009.6.26"]
[Round "2"]
[White "art"]
[Black "Tropalov"]
[Result "1-0"]
[WhiteElo "2448"]
[BlackElo "1697"]

1. e4 e6 2. d4 d5 3. e5 c5 4. Bb5+ Bd7 5. Bxd7+ Qxd7 6. c3 Nc6 7. Nf3 Nge7 8.
Bf4 Ng6 9. Bg3 h5 10. h3 h4 11. Bh2 b6 12. Nbd2 a5 13. O-O Be7 14. Re1 O-O 15.
Rc1 cxd4 16. cxd4 Nb4 17. Ra1 Nd3 18. Re3 Nxb2 19. Qb3 Na4 20. Ne1 Rfc8 21. Ndf3
b5 22. Nd3 1-0

[Event "AUTO-OPEN-1412"]
[Site "http://www.queenalice.com/game.php?id=609413"]
[Date "2009.6.26"]
[Round "2"]
[White "Tropalov"]
[Black "josecastroman"]
[Result "1-0"]
[WhiteElo "1718"]
[BlackElo "1930"]

1. d4 d5 2. c4 Nf6 3. Nc3 Nc6 4. cxd5 Nxd5 5. e4 Nf6 6. d5 Ne5 7. f4 Ng6 8. e5
Nd7 9. Nf3 Nb6 10. Bb5+ Bd7 11. f5 Bxb5 12. Nxb5 Nxe5 13. Nxe5 Nxd5 14. Qxd5 1-0

[Event "AUTO-OPEN-1412"]
[Site "http://www.queenalice.com/game.php?id=609414"]
[Date "2009.6.26"]
[Round "2"]
[White "josecastroman"]
[Black "Tropalov"]
[Result "1-0"]
[WhiteElo "1897"]
[BlackElo "1705"]

1. e4 e6 2. Nf3 d5 3. exd5 exd5 4. d4 Bd6 5. h3 Bf5 6. a3 Nc6 7. Bb5 Nf6 8. Bg5
h6 9. Bxf6 Qxf6 10. Bxc6+ bxc6 11. O-O O-O 12. Nbd2 Rfe8 13. c3 c5 14. Re1 Rxe1+
15. Qxe1 c4 16. Qe2 Bd3 17. Qe3 1-0

[Event "AUTO-INT-1360"]
[Site "http://www.queenalice.com/game.php?id=611947"]
[Date "2009.7.1"]
[Round "1"]
[White "code_5541"]
[Black "Tropalov"]
[Result "0-1"]
[WhiteElo "1584"]
[BlackElo "1680"]

1. e4 e6 2. d4 d5 3. e5 c5 4. c4 Ne7 5. dxc5 Nbc6 6. Nc3 d4 7. Nce2 Ng6 8. Nf3
Bxc5 9. a3 Bb6 10. Nf4 Ngxe5 11. Nxe5 Nxe5 12. Bd3 Nxd3+ 13. Nxd3 O-O 14. O-O
Qc7 15. Bf4 Qxc4 16. b3 Qd5 17. b4 f6 18. Bg3 e5 19. Kh1 Bf5 20. Ra2 Bxd3 0-1

[Event "AUTO-INT-1360"]
[Site "http://www.queenalice.com/game.php?id=611948"]
[Date "2009.7.1"]
[Round "1"]
[White "Tropalov"]
[Black "code_5541"]
[Result "1-0"]
[WhiteElo "1623"]
[BlackElo "1572"]

1. d4 d5 2. c4 Nf6 3. Nc3 e6 4. cxd5 exd5 5. Bg5 Be7 6. Qc2 g6 7. e3 O-O 8. Bd3
c5 9. dxc5 Bxc5 10. Bxf6 Qxf6 11. Nxd5 Qd6 12. Be4 Be6 13. Nf6+ Kg7 14. Qc3 1-0

[Event "AUTO-INT-1360"]
[Site "http://www.queenalice.com/game.php?id=611965"]
[Date "2009.7.1"]
[Round "1"]
[White "Tropalov"]
[Black "DrIgO"]
[Result "0-1"]
[WhiteElo "1731"]
[BlackElo "1493"]

1. d4 d5 2. c4 Nf6 3. Nc3 e6 4. cxd5 exd5 5. Bg5 Bb4 6. e3 O-O 7. Bd3 Bg4 8. f3
Bh5 9. Ne2 Qd6 10. Qb3 Nc6 11. Bxf6 Na5 12. Be5 Qh6 13. Qxb4 Qxe3 14. Nxd5 Qxd3
15. Nef4 Qc2 16. Qxa5 b6 17. Qc3 Qf5 18. Ne7+ Kh8 19. Nxf5 f6 20. Nxh5 g6 21.
Bxf6+ Rxf6 22. Nxf6 gxf5 0-1

[Event "AUTO-INT-1360"]
[Site "http://www.queenalice.com/game.php?id=611966"]
[Date "2009.7.1"]
[Round "1"]
[White "DrIgO"]
[Black "Tropalov"]
[Result "1-0"]
[WhiteElo "1465"]
[BlackElo "1759"]

1. d4 d5 2. Nf3 Nf6 3. e3 g6 4. Bb5+ Bd7 5. Qd3 c6 6. Ba4 Bg7 7. Ne5 Bf5 8. Qa3
b5 9. Bb3 e6 10. c4 dxc4 11. Bxc4 Bf8 12. Qb3 bxc4 13. Qb7 Nbd7 14. Nd2 Nxe5 15.
dxe5 Nd7 16. Nxc4 Be4 17. Nd6+ Bxd6 18. exd6 Qb8 19. Qc7 Qxc7 20. dxc7 Bxg2 21.
Rg1 Bd5 22. b3 1-0

[Event "AUTO-INT-1360"]
[Site "http://www.queenalice.com/game.php?id=611967"]
[Date "2009.7.1"]
[Round "1"]
[White "Tropalov"]
[Black "manucies"]
[Result "0-1"]
[WhiteElo "1629"]
[BlackElo "1420"]

1. d4 d5 2. c4 c6 3. Nc3 e6 4. Nf3 Bb4 5. e3 Bxc3+ 6. bxc3 Nf6 7. Ba3 Nbd7 8.
Bd3 Ng4 9. h3 Ngf6 10. O-O dxc4 11. Bxc4 b5 12. Be2 Qa5 13. Bd6 Ne4 14. Bb4 Qc7
15. Qc2 f5 16. a4 a5 17. axb5 c5 18. dxc5 Ndxc5 19. Ba3 O-O 0-1

[Event "AUTO-INT-1360"]
[Site "http://www.queenalice.com/game.php?id=611968"]
[Date "2009.7.1"]
[Round "1"]
[White "manucies"]
[Black "Tropalov"]
[Result "1-0"]
[WhiteElo "1473"]
[BlackElo "1605"]

1. e4 e6 2. c4 Nc6 3. d4 Nf6 4. e5 Bb4+ 5. Bd2 Ne4 6. Bxb4 Nxb4 7. Bd3 Qh4 8. g3
Nxf2 9. Kxf2 Qxd4+ 10. Ke2 Qxb2+ 11. Nd2 Qxe5+ 12. Be4 f5 13. Rb1 Nxa2 14. Rb3
fxe4 15. Ke3 Nc3 16. Qc2 Qc5+ 17. Kf4 e5+ 18. Kg5 Qe7+ 19. Kh5 O-O 20. Qxc3 Rf5+
21. Kg4 1-0